000 00788cam a22002653a 4500
001 14056
003 PGUSA
005 20140828083312.0
008 041115s2004||||xxu|||||s|||||000 | eng d
040 _aPGUSA
_beng
042 _adc
050 4 _aND
100 1 _aMauclair, Camille,
_d1872-1945
245 1 4 _aThe French Impressionists (1860-1900)
_h[electronic resource] /
_cCamille Mauclair
260 _bProject Gutenberg,
_c2004
506 _aPublic domain in the USA.
516 _aElectronic text
653 _aPainting -- France -- History
653 _aPainters -- France
653 _aImpressionism (Art)
700 1 _aKonody, Paul G.
_q(Paul George),
_d1872-1933
830 0 _aProject Gutenberg
_v14056
856 4 0 _uhttp://www.gutenberg.org/ebooks/14056
942 _cEB
999 _c243311
_d243311